02460nam a2200277 i 4500003000900000005001700009007000300026008004100029020001800070040003000088082001300118100003300131245006700164264006500231300002800296336002700324337003400351338002800385500002200413520155800435590002701993910001402020942001402034952011702048999001702165DO-SdBNP20240710135811.0ta240710b2018 xxu 00| 0 spa d a9781250158062 aDO-SdBNPbspacBNPHUerda 4222bW8551 aWolff, Michael910906eautor10aFire and fury :binside the Trump white house /cMichael Wolff aNew York, Estados Unidos : bHenry Holt and company, c2018. a321 páginas :c21 cm. 2rdacontentatextobtxt 2rdamediaasin mediaciónbnc 2rdacarrieravolumenbnc aIncluye índice. aCon acceso extraordinario al ala oeste, Michael Wolff revela lo que sucedió detrás de escena en los primeros nueve meses de la presidencia más controvertida de nuestro tiempo en Fuego y Furia: Dentro de la Casa Blanca de Trump. Desde que Donald Trump prestó juramento como el 45º presidente de los Estados Unidos, el país –y el mundo– ha sido testigo de un mandato presidencial tormentoso, escandaloso y absolutamente fascinante que refleja la volatilidad y la ferocidad del hombre elegido Comandante en Jefe. Este fascinante y explosivo relato de la administración de Trump proporciona una gran cantidad de nuevos detalles sobre el caos en la Oficina Oval, que incluyen: -- Lo que el personal del presidente Trump realmente piensa de él -- ¿Qué inspiró a Trump a afirmar que el presidente Obama había intervenido sus teléfonos? -- Por qué el director del FBI, James Comey, fue realmente despedido -- Por qué el estratega jefe Steve Bannon y el yerno de Trump, Jared Kushner, no podían estar en la misma habitación -- ¿Quién dirige realmente la estrategia de la administración Trump tras el despido de Bannon? -- Cuál es el secreto para comunicarse con Trump -- Lo que la administración Trump tiene en común con la película The Producers Nunca antes en la historia una presidencia había dividido tanto al pueblo estadounidense. Brillantemente reportado y sorprendentemente fresco, Fuego y furia nos muestra cómo y por qué Donald Trump se ha convertido en el rey de la discordia y la desunión.  aInventariado, 2024/ YL aYlockward 2ddccLBS1 00102ddc56708GRaBNPHUbBNPHUcCTd2022-04-01eDonación l0oW855p2024-4321r2024-07-10w2024-07-10yLBS1 c57243d57243